|
|
|
|
| LEADER |
00829nam a2200193 a 4500 |
| 001 |
00004850 |
| 008 |
120904s1966 uk ab b 001 0 eng d |
| 040 |
|
|
|a DLC
|c DLC
|d DLC
|d BD-DhAAL.
|
| 082 |
0 |
0 |
|a 947.0841
|2 22.
|
| 100 |
1 |
|
|a Goldston, Robert C.
|
| 245 |
1 |
4 |
|a The Russian Revolution /
|c Robert Goldston.
|
| 260 |
|
|
|a Greenwich, Conn.
|b A Fawcett Premier Book,
|c 1966.
|
| 300 |
|
|
|a 223 p.
|b ill. maps ;
|c 22 cm.
|
| 504 |
|
|
|a Bibliography: p. 211-216 and indexes.
|
| 541 |
|
|
|e 00004850
|
| 651 |
|
0 |
|a Soviet Union
|x History
|y Revolution, 1917-1921
|x Juvenile literature.
|
| 852 |
4 |
|
|a Ayesha Abed Library
|j General shelf.
|
| 999 |
|
|
|c 12780
|d 12780
|
| 952 |
|
|
|0 0
|1 4
|2 ddc
|4 0
|6 947_084100000000000_GOL
|7 0
|9 21048
|a BRACUL
|b BRACUL
|c GEN
|d 2012-09-04
|g 0.00
|l 1
|m 5
|o 947.0841 GOL
|p 3010004850
|r 2012-11-07
|s 2012-09-04
|t 1
|y BK
|z Not price in Register
|x Koha Inventory 2020
|